000 00478nam a2200181Ia 4500
001 16005
005 20260306170237.0
008 260306t2020||||xx |||||||||||||| ||und||
041 _aESP
082 _a346.52
_bG23
100 _aGarcía Huayama, Juan Carlos,
_eAUT
245 0 _aEl daño y su resarcimiento :
_bestudios sobre la responsabilidad civil
260 _c2020
300 _a525 páginas :
_c25 cm.
650 _aGEN
654 _aCDE
942 _cLIB
_dJUS
_fJUS
_2ddc
_n
999 _c16005
_d16005